<?xml version="1.0" encoding="UTF-8"?>
<record
    xmlns:xsi="http://www.w3.org/2001/XMLSchema-instance"
    xsi:schemaLocation="http://www.loc.gov/MARC21/slim http://www.loc.gov/standards/marcxml/schema/MARC21slim.xsd"
    xmlns="http://www.loc.gov/MARC21/slim">

  <leader>00591nam a22001817a 4500</leader>
  <controlfield tag="003">LK-CoDNM</controlfield>
  <controlfield tag="005">20241202145812.0</controlfield>
  <controlfield tag="008">241202b        |||||||| |||| 00| 0 eng d</controlfield>
  <datafield tag="040" ind1=" " ind2=" ">
    <subfield code="a">LK-CoDNM</subfield>
    <subfield code="d">LK-CoDNM</subfield>
    <subfield code="e">LK-CoDNM</subfield>
  </datafield>
  <datafield tag="041" ind1=" " ind2=" ">
    <subfield code="a">sin</subfield>
  </datafield>
  <datafield tag="080" ind1=" " ind2=" ">
    <subfield code="a">294.3</subfield>
    <subfield code="b">APT </subfield>
  </datafield>
  <datafield tag="100" ind1=" " ind2=" ">
    <subfield code="a">&#xD85;&#xDBD;&#xDD4;&#xDAD;&#xDCA;&#xD9C;&#xDB8; &#xDC0;&#xDD2;&#xDB4;&#xDD4;&#xDBD;&#xDB1;&#xDCF;&#xDB1; &#xDC4;&#xDD2;&#xDB8;&#xDD2;</subfield>
  </datafield>
  <datafield tag="245" ind1=" " ind2=" ">
    <subfield code="a">&#xDC3;&#xD82;&#xDC3;&#xDCF;&#xDBB; &#xDBB;&#xD9C;&#xDB8;&#xDA9;&#xDC5; &#xDC3;&#xDC4; &#xDAD;&#xDD2;&#xDBB;&#xDBA; &#xDB4;&#xDD2;&#xDA7;&#xDD4;&#xDB4;&#xDC3;</subfield>
  </datafield>
  <datafield tag="260" ind1=" " ind2=" ">
    <subfield code="a">&#xDB8;&#xDC4;&#xDBB;&#xD9C;&#xDB8;</subfield>
    <subfield code="b">&#xDC0;&#xDD2;&#xDB4;&#xDD4;&#xDBD;&#xDB1;&#xDCF;&#xDB1; &#xD9C;&#xDCA;&#x200D;&#xDBB;&#xDB1;&#xDCA;&#xDA8; </subfield>
    <subfield code="c">2000</subfield>
  </datafield>
  <datafield tag="300" ind1=" " ind2=" ">
    <subfield code="a">256P. : 21 cm</subfield>
  </datafield>
  <datafield tag="650" ind1=" " ind2=" ">
    <subfield code="a">&#xDB0;&#xDBB;&#xDCA;&#xDB8; &#xD9A;&#xDAD;&#xDCF;</subfield>
  </datafield>
  <datafield tag="942" ind1=" " ind2=" ">
    <subfield code="c">BK</subfield>
  </datafield>
  <datafield tag="952" ind1=" " ind2=" ">
    <subfield code="0">0</subfield>
    <subfield code="1">0</subfield>
    <subfield code="4">1</subfield>
    <subfield code="7">0</subfield>
    <subfield code="8">OBC</subfield>
    <subfield code="a">MAIN</subfield>
    <subfield code="b">MAIN</subfield>
    <subfield code="c">REF</subfield>
    <subfield code="d">2024-12-02</subfield>
    <subfield code="l">0</subfield>
    <subfield code="o">294.3 APT </subfield>
    <subfield code="p">OB9563</subfield>
    <subfield code="r">2024-12-02</subfield>
    <subfield code="w">2024-12-02</subfield>
    <subfield code="y">BK</subfield>
  </datafield>
  <datafield tag="999" ind1=" " ind2=" ">
    <subfield code="c">233030</subfield>
    <subfield code="d">233030</subfield>
  </datafield>
</record>
